000 00326cam a2200145ua 4500
001 2672
008 131128n II |||gr||||Z||||||hin
040 _aMAIN
041 _aEnglish
082 _a891 SHA
100 _aSHARMA, BENAYAI.
245 _aDOBLI BABTA
653 _aEast Indo-European & Celtic literatures
942 _cBK
999 _c2666
_d2666